Statistics for Music Video by Hints

Click here to take the quiz!

General Stats

  • This quiz has been taken 25 times
  • The average score is 4 of 20

Answer Stats

DescriptionMusic Video% Correct
Werewolf, Movie Theater, Zombies DancingThriller
71%
Nerdy Girl, Party, Rebecca BlackLast Friday Night
42%
Mars, Astronaut, Red JumpsuitOops! I Did It Again
38%
Black and White, Three Ladies, Flipping Hand Back and ForthSingle Ladies
33%
Soccer, African Drums, Country FlagsWaka Waka
33%
Fighting, House Burning Down, Teddy BearLove the Way You Lie
25%
Balloons, Taking Pictures, Ugly SweaterThe Way
25%
String Puppets, On Top of a Train, Blue RoomBye Bye Bye
21%
Video Game, Golden Gate Bridge, EarthquakeCalifornication
17%
House Party, Disposable Object Used for Drinking, Clips of Different EventsRed Solo Cup
13%
Monkey Masks, Guitar, ConfettiThe Lazy Song
13%
Black and White, Art, Business SuitsVogue
13%
Beach, Hippie Van, CliffsWhat Makes You Beautiful
13%
Marching Soldiers, Nun, Swallowing a RosaryAlejandro
8%
Bowling Alley, Neon Signs, DrakeBaby
8%
Romantic Novel, Car Washing, Band in a GarageCall Me Maybe
8%
Jumping into a Swimming Pool, Flashbacks, Mother and DaughterShe Will Be Loved
4%
Unfriendly Town, Running Away on a Horse, Two Triangle SymbolWake Me Up
4%
Wedding, Circus Performers, Magic DustI Write Sins Not Tragedies
0%
Country Flags, Carnaval Dancer, ShadowsTalk Dirty
0%

Score Distribution

Percentile by Number Answered

Percent of People with Each Score

Your Score History

You have not taken this quiz